| Поле | Инд. | ПП | Название | Значение |
|---|---|---|---|---|
| Тип записи | a | |||
| Библиографический уровень | b | |||
| 001 | Контрольный номер | 5a724842ad11422eb73efc5a17c57c37 | ||
| 005 | Дата корректировки | 20260630163246.6 | ||
| 024 | 80 | a | Стандартный номер | 10.1134/S1062873826700504 |
| 040 | a | Служба первич. каталог. | Scopus | |
| 041 | 0_ | a | Код языка текста | eng |
| 097 | a | Костяева О.Г. | ||
| 100 | 1_ | a | Автор | Ibadullayev D. |
| 100 | 1_ | a | Автор | Oganessian Yu. Ts. |
| c | Титул (звания) | профессор (ученое звание); доктор физико-математических наук; заведующий кафедрой; | ||
| i | 000091251 | |||
| g | Прочие сведения | РИНЦ AuthorID: 21136 (http://elibrary.ru/author_profile.asp?id= 21136); Scopus Author ID: 35401658500 (https://www.scopus.com/authid/detail.uri?authorId=35401658500) | ||
| k | Кафедра ядерной физики; Инженерно-физический институт | |||
| q | Полное имя | Оганесян Юрий Цолакович | ||
| u | Дополнение | Оганесян Ю. Ц.; Oganessian Yu Ts | ||
| 100 | 1_ | a | Автор | Utyonkov V. K. |
| 100 | 1_ | a | Автор | Abdullin F. S. |
| 100 | 1_ | a | Автор | Dmitriev S. N. |
| 100 | 1_ | a | Автор | Itkis M. G. |
| 100 | 1_ | a | Автор | Maxim L. |
| 100 | 1_ | a | Автор | Karpov A. V. |
| g | Прочие сведения | РИНЦ AuthorID: 166421 (http://elibrary.ru/author_profile.asp?id=166421); SPIN-код: 2455-2050 (http://elibrary.ru/author_items.asp?authorid=166421); Scopus Author ID: 7102768598 (https://www.scopus.com/authid/detail.uri?origin=resultslist&authorId=7102768598&zone=) | ||
| k | Кафедра ядерной физики; Инженерно-физический институт | |||
| q | Полное имя | Карпов Александр Владимирович | ||
| u | Дополнение | Карпов А. В.; Karpov A. V. | ||
| c | Титул (звания) | ; Доктор физико-математических наук; профессор (должность); | ||
| i | 000090467 | |||
| 100 | 1_ | a | Автор | Popeko A. |
| c | Титул (звания) | ; кандидат физико-математических наук; доцент (должность); | ||
| i | 000091255 | |||
| g | Прочие сведения | РИНЦ AuthorID: 23901 (http://elibrary.ru/author_profile.asp?id=23901); Scopus Author ID: 6603721619 (https://www.scopus.com/authid/detail.uri?authorId=6603721619) | ||
| k | Кафедра ядерной физики; Инженерно-физический институт | |||
| q | Полное имя | Попеко Андрей Георгиевич | ||
| u | Дополнение | Попеко А. Г.; Popeko Andrei G. | ||
| 100 | 1_ | a | Автор | Сайко В. В. |
| c | Титул (звания) | кандидат физико-математических наук; доцент (должность); | ||
| k | Инженерно-физический институт; Кафедра ядерной физики | |||
| q | Полное имя | Сайко Вячеслав - | ||
| 245 | 10 | a | Заглавие | Path to New Elements: Investigation of Reactions with 50Ti and 54Cr |
| 773 | 18 | t | Название источника | Bulletin of the Russian Academy of Sciences: Physics |
| b | Сведения об издании | Pleiades Publishing, Ltd. | ||
| c | Russia | |||
| x | ISSN | 1062-8738 | ||
| g | Прочая информация | V. 90. - P. 837–845 | ||
| d | Место и дата издания | 2026 | ||
| m | Специф. данные | входит в Белый список; входит в Scopus; входит в ядро РИНЦ; ненулевой импакт-фактор | ||
| o | Прочие индексы | SJR 0.250 | ||
| w | Контрольный № источника | 379ac102bd9f4ee6be9ff023eff00ccb | ||
| q | У3 Белый список; Q3 Scopus 2025 | |||
| n | Примечание | Известия Российской академии наук. Серия физическая | ||
| 901 | t | Тип документа | b | |
| 952 | c | Вид литературы | статья в журнале |